Statistics for countries selected by AI

Click here to take the quiz!

General Stats

  • This quiz has been taken 6 times
  • The average score is 8 of 30

Answer Stats

HintAnswer% Correct
Peoples******China
100%
VikingsIceland
100%
HamburgerUSA
100%
Letter YYemen
100%
AnimeJapan
75%
FortunateIreland
50%
IslandMalta
50%
Is country?Taiwan
50%
Soviet StateUkraine
50%
IslandAustralia
25%
AmericaHonduras
25%
AfricaSouth africa
25%
Soviet StateUzbekistan
25%
Not a countryAntartica
0%
IslandBarbados
0%
Letter BBenin
0%
AfricaDijoubi
0%
AmericaEl Salvador
0%
Soviet StateEstonia
0%
EmpireMongolia
0%
AfricaMoroco
0%
North ********North makedonia
0%
BrazilPortugal
0%
IslandSao tome
0%
WW1Serbia
0%
IslandTonga
0%
IslandTrinidad
0%
IslandTuvalu
0%
AfricaWestern Sahara
0%
AfricaZimbabwe
0%

Score Distribution

Percentile by Number Answered

Percent of People with Each Score

Your Score History

You have not taken this quiz